| 000 | 00659nam a2200229 a 4500 | ||
|---|---|---|---|
| 001 | BRCA_7263 | ||
| 005 | 20190320205755.0 | ||
| 008 | 270112s2009----si-a######---#000-0#eng-# | ||
| 020 | _a9780865592292 | ||
| 041 | _aeng | ||
| 044 | _asi | ||
| 050 | 4 |
_aN530 _b.E87 2009 |
|
| 245 | 1 | 0 | _aThe Essential Guide. |
| 250 | _a3 | ||
| 260 |
_aSingapur _bThe Art Institute of Chicago _cc2009 |
||
| 300 |
_a336 p. _bil. (algunas a color) _c23 cm. |
||
| 500 | _aIncluye índice de nombres de artistas | ||
| 610 | 2 | 4 |
_aArt Institute of Chicago _vCatálogos _917988 |
| 650 | 1 | 4 |
_aArte _vGuías _zChicago _917989 |
| 710 | 2 |
_aArt Institute of Chicago _97624 |
|
| 942 |
_2lcc _cB |
||
| 999 |
_c6943 _d6943 |
||